• 首页
  • 本馆介绍
  • 公告通知
  • 最新文献
  • 馆藏检索
  • 电子资源
  • 读者导购
  • 参考咨询
  • 我的图书馆
  • 登录
  • 详细信息显示
  • 放入我的书架
  • 预约/预借图书
  • 作者相关作品
  • 分类相关作品
  • 丛书相关作品
  • 出版社相关作品

书目信息

  • 表格格式
  • 工作单格式
  • 卡片格式
题名:
智力发展与数学学习
    
 
作者: 林崇德 著
分册:  
出版信息: 北京   中国轻工业出版社  2020.10
页数: 431页
开本: 26cm
丛书名:
单 册:
中图分类: B848.5
科图分类:
主题词: 中小学生--智力开发--关系--数学教学
电子资源:
ISBN: 978-7-5019-8582-1
000 00765nam0 2200229 450
001 0108153902
005 20210308154401.0
010    @a978-7-5019-8582-1@dCNY50.00
100    @a20120422d2020 em y0chiy0110 ea
101 0  @achi
102    @aCN@b110000
105    @ay z 000yy
106    @ar
200 1  @a智力发展与数学学习@Azhi li fa zhan yu shu xue xue xi@f林崇德著
210    @a北京@c中国轻工业出版社@d2020.10
215    @a431页@d26cm
330    @a本书共分5篇17章,内容包括:智力的奥秘、数学是人类的思维体操、学生数学能力的发展、智力发展的数学化研究、数学能力发展研究案例。
606 0  @a中小学生@x智力开发@x关系@x数学教学
690    @aB848.5@v5
701  0 @a林崇德@Alin chong de@4著
801  0 @aCN@bBJSZM@c20210308
905    @b1271257-60@dB848.5@e3716@f4
    
    智力发展与数学学习/林崇德著.-北京:中国轻工业出版社,2020.10
    431页;26cm
    
    
    ISBN 978-7-5019-8582-1:CNY50.00
    本书共分5篇17章,内容包括:智力的奥秘、数学是人类的思维体操、学生数学能力的发展、智力发展的数学化研究、数学能力发展研究案例。
●
相关链接 在E读中查询图书 在五车中查询图书 在当当中查询图书 在豆瓣中查询图书


正题名:智力发展与数学学习     索取号:B848.5/3716         预约/预借

序号 登录号 条形码 馆藏地/架位号 状态 备注
1 1271257   212712572   第一样本阅览室/ [索取号:B848.5/3716] 在馆    
2 1271258   212712581   教育系资料室/ [索取号:B848.5/3716] 在馆    
3 1271259   212712590   教育系资料室/ [索取号:B848.5/3716] 在馆    
4 1271260   212712607   第一借阅区/ [索取号:B848.5/3716] 在馆    
唐山师范学院图书馆 欢迎您!
大连网信软件有限公司© 版权所有